[Event "Sonderjysk EMT Basis 1 2012"]
[Site "Sonderborg"]
[Date "2012.01.17"]
[Round "1"]
[White "Hansen, Uwe"]
[Black "Asmund, Erik"]
[Result "0-1"]
[WhiteElo "1641"]
[BlackElo "1477"]
[PlyCount "30"]
[EventDate "2012.??.??"]

1. e4 e5 2. Nf3 Nc6 3. Bc4 Nd4 4. Nxe5 Qg5 5. Bxf7+ Ke7 6. Bxg8 Qxg2 7. d3
Qxh1+ 8. Kd2 Qxd1+ 9. Kxd1 Rxg8 10. Bg5+ Ke8 11. Nc3 d6 12. Nd5 dxe5 13. Nxc7+
Kf7 14. Nxa8 Bg4+ 15. Kc1 Bd6 0-1

[Event "Sonderjysk EMT Basis 1 2012"]
[Site "Sonderborg"]
[Date "2012.01.17"]
[Round "1"]
[White "Jansson, Sten Olof"]
[Black "Christiansen, Bobby"]
[Result "1-0"]
[WhiteElo "1645"]
[BlackElo "1513"]
[PlyCount "85"]
[EventDate "2012.??.??"]

1. e4 c6 2. c4 d5 3. exd5 cxd5 4. d4 Nf6 5. Nc3 e6 6. Bg5 Be7 7. Nf3 O-O 8. Bd3
dxc4 9. Bxc4 a6 10. O-O b5 11. Bd3 Bb7 12. Rc1 b4 13. Ne2 Nd5 14. Bxe7 Nxe7 15.
Bb1 Bxf3 16. gxf3 Nd7 17. Ng3 Nf6 18. Qd3 Ned5 19. Rc5 Nf4 20. Qd2 Ng6 21. Qxb4
Rb8 22. Qd2 Qb6 23. b3 Rfd8 24. Rfc1 Qd6 25. Rc6 Qd5 26. Be4 Nxe4 27. fxe4 Qxd4
28. Qxd4 Rxd4 29. Rxa6 Nf4 30. Rac6 h6 31. h4 Nh3+ 32. Kg2 Nf4+ 33. Kf3 e5 34.
Rc8+ Rxc8 35. Rxc8+ Kh7 36. Rc3 f6 37. a4 g6 38. a5 g5 39. hxg5 fxg5 40. a6 Kg6
41. a7 h5 42. Rc6+ Kh7 43. Nxh5 1-0

[Event "Sonderjysk EMT Basis 1 2012"]
[Site "Sonderborg"]
[Date "2012.01.17"]
[Round "1"]
[White "Kallesen, Jesper"]
[Black "Jakobsen, Henning2"]
[Result "1-0"]
[WhiteElo "1472"]
[BlackElo "1576"]
[PlyCount "105"]
[EventDate "2012.??.??"]

1. e4 c5 2. Nf3 d6 3. Bc4 Nc6 4. d4 cxd4 5. Nxd4 g6 6. Be3 Bg7 7. Nxc6 bxc6 8.
Bd4 Bxd4 9. Qxd4 Nf6 10. e5 Qa5+ 11. Nc3 dxe5 12. Qd3 O-O 13. O-O Bf5 14. Qe2
Kg7 15. Rfe1 Rab8 16. Bb3 e4 17. h3 h5 18. Qc4 c5 19. Nd5 Be6 20. Qc3 Qxc3 21.
Nxc3 c4 22. Ba4 Rxb2 23. Nxe4 Nd5 24. Nc5 Bf5 25. Bc6 Rc8 26. Na4 Rb4 27. a3
Rxc6 28. axb4 Bxc2 29. b5 Rc7 30. Nb2 c3 31. Nd1 Nb4 32. Ne3 e6 33. Rec1 Bd3
34. Ra4 Nd5 35. Nxd5 exd5 36. Rd4 Bxb5 37. Rxd5 a6 38. f3 c2 39. Kf2 Ba4 40.
Ra5 Bb5 41. Ke1 Bd3 42. Kd2 Bb5 43. g3 Rc6 44. Rxc2 Rxc2+ 45. Kxc2 Kf6 46. Kd2
Ke5 47. Ke3 f5 48. f4+ Kd5 49. Ra3 Bc4 50. Ra1 Bb5 51. Rd1+ Ke6 52. Kd4 a5 53.
Re1+ 1-0

[Event "Sonderjysk EMT Basis 1 2012"]
[Site "Sonderborg"]
[Date "2012.01.24"]
[Round "1"]
[White "Posselt, Karl"]
[Black "Petersen, Broder"]
[Result "1-0"]
[WhiteElo "1584"]
[BlackElo "1469"]
[PlyCount "47"]
[EventDate "2012.??.??"]

1. f4 f5 2. Nf3 Nf6 3. d4 d5 4. e3 e6 5. Ne5 Bd6 6. Nd2 O-O 7. Ndf3 c5 8. c3 c4
9. b3 b5 10. a4 Ba6 11. axb5 Bxb5 12. bxc4 dxc4 13. Bxc4 Bxc4 14. Nxc4 Ne4 15.
Qb3 Qc8 16. Nxd6 Nxd6 17. Ba3 Rd8 18. Ng5 Qc4 19. Qxc4 Nxc4 20. Kf2 Nxa3 21.
Rxa3 Rd6 22. Rb1 Nc6 23. c4 Re8 24. Ra6 1-0

[Event "Sonderjysk EMT Basis 1 2012"]
[Site "Sonderborg"]
[Date "2012.01.31"]
[Round "2"]
[White "Jakobsen, Henning2"]
[Black "Hansen, Uwe"]
[Result "0-1"]
[WhiteElo "1576"]
[BlackElo "1641"]
[PlyCount "49"]
[EventDate "2012.??.??"]

1. f4 e6 2. Nf3 d5 3. e3 Nc6 4. b3 Be7 5. Bb2 Bf6 6. d4 Nge7 7. Bb5 Bd7 8. O-O
Nf5 9. Qe2 a6 10. Bd3 Nb4 11. Bxf5 exf5 12. Nc3 Be6 13. Na4 b6 14. c3 Nc6 15.
Rfc1 Be7 16. c4 O-O 17. Rc2 Bd7 18. a3 Na5 19. Qd3 dxc4 20. Rxc4 Nxc4 21. bxc4
Bxa4 22. Qxf5 Bf6 23. e4 Be7 24. Qh5 g6 25. Qd5 0-1

[Event "Sonderjysk EMT Basis 1 2012"]
[Site "Sonderborg"]
[Date "2012.01.31"]
[Round "2"]
[White "Petersen, Broder"]
[Black "Asmund, Erik"]
[Result "1/2-1/2"]
[WhiteElo "1469"]
[BlackElo "1477"]
[PlyCount "29"]
[EventDate "2012.??.??"]

1. c4 c5 2. Nc3 Nc6 3. e4 d6 4. d3 g6 5. f4 Bg7 6. Nf3 e6 7. Be2 a6 8. O-O Nge7
9. Be3 O-O 10. a3 b6 11. Rb1 d5 12. cxd5 exd5 13. exd5 Nxd5 14. Nxd5 Qxd5 15.
b4 1/2-1/2

[Event "Sonderjysk EMT Basis 1 2012"]
[Site "Sonderborg"]
[Date "2012.01.31"]
[Round "2"]
[White "Posselt, Karl"]
[Black "Jansson, Sten Olof"]
[Result "1/2-1/2"]
[WhiteElo "1584"]
[BlackElo "1645"]
[PlyCount "41"]
[EventDate "2012.??.??"]

1. e4 c5 2. Nf3 d6 3. d4 cxd4 4. Nxd4 Nf6 5. Nc3 a6 6. Be2 e5 7. Nb3 b5 8. f3
Bb7 9. a3 Nbd7 10. Be3 Be7 11. O-O O-O 12. Qe1 g6 13. Rd1 Qc7 14. Nc1 Rfd8 15.
Nd3 Nb6 16. Nb4 d5 17. exd5 Bxb4 18. axb4 Nbxd5 19. Nxd5 Nxd5 20. Bd3 Nxe3 21.
Qxe3 1/2-1/2

[Event "Sonderjysk EMT Basis 1 2012"]
[Site "Sonderborg"]
[Date "2012.02.07"]
[Round "3"]
[White "Asmund, Erik"]
[Black "Jakobsen, Henning2"]
[Result "1/2-1/2"]
[WhiteElo "1477"]
[BlackElo "1576"]
[PlyCount "37"]
[EventDate "2012.??.??"]

1. e4 e5 2. Nf3 d6 3. c3 f5 4. exf5 Bxf5 5. d3 Nf6 6. Qb3 b6 7. Be2 Nbd7 8. Be3
Nc5 9. Bxc5 bxc5 10. Nbd2 c6 11. Nc4 Qc7 12. Ne3 Rb8 13. Qc2 Bg6 14. Nh4 Bf7
15. O-O g6 16. b3 Be7 17. g3 O-O 18. Nhg2 Be6 19. f4 1/2-1/2

[Event "Sonderjysk EMT Basis 1 2012"]
[Site "Sonderborg"]
[Date "2012.02.07"]
[Round "3"]
[White "Hansen, Uwe"]
[Black "Christiansen, Bobby"]
[Result "1-0"]
[WhiteElo "1641"]
[BlackElo "1513"]
[PlyCount "59"]
[EventDate "2012.??.??"]

1. e4 c6 2. Nc3 d5 3. d4 dxe4 4. Nxe4 Bf5 5. Qf3 Bxe4 6. Qxe4 Nf6 7. Qd3 e6 8.
c3 Nbd7 9. Nf3 Bd6 10. Be2 Qc7 11. h3 O-O-O 12. Qc2 Nd5 13. Ng5 N7f6 14. Bf3 h6
15. Ne4 Nxe4 16. Bxe4 Nf4 17. Be3 Nd5 18. Bd2 Bf4 19. Rd1 Bxd2+ 20. Rxd2 g6 21.
O-O f5 22. Bf3 g5 23. Re1 Rde8 24. Bxd5 cxd5 25. Rde2 Qf7 26. c4 Kb8 27. cxd5
exd5 28. Rxe8+ Rxe8 29. Rxe8+ Qxe8 30. Qxf5 1-0

[Event "Sonderjysk EMT Basis 1 2012"]
[Site "Sonderborg"]
[Date "2012.02.07"]
[Round "3"]
[White "Kallesen, Jesper"]
[Black "Posselt, Karl"]
[Result "1/2-1/2"]
[WhiteElo "1472"]
[BlackElo "1584"]
[PlyCount "95"]
[EventDate "2012.??.??"]

1. e4 d5 2. exd5 Nf6 3. Bc4 c6 4. dxc6 Nxc6 5. Nc3 Bf5 6. d3 e6 7. Nge2 Bc5 8.
Be3 Bxe3 9. fxe3 Qb6 10. Qc1 Ng4 11. d4 O-O 12. a3 Rac8 13. b3 Ne7 14. e4 Bg6
15. Qg5 Nf6 16. e5 Nfd5 17. Nxd5 Nxd5 18. Qd2 Qd8 19. O-O Bxc2 20. Rac1 Bg6 21.
Bxd5 Qxd5 22. Qe3 Rfd8 23. Nf4 Qe4 24. Qf2 Rc2 25. Rxc2 Qxc2 26. Qf3 Be4 27.
Qe3 Rc8 28. Ne2 Qd3 29. Qf4 Bg6 30. Rc1 Rxc1+ 31. Qxc1 Qc2 32. Qxc2 Bxc2 33. b4
Bd3 34. Nf4 Bc4 35. Kf2 Kf8 36. Ke3 Bd5 37. h4 h6 38. Kd3 g5 39. hxg5 hxg5 40.
Nxd5 exd5 41. g4 Ke7 42. b5 Kd7 43. Kc3 Kc7 44. Kb4 Kb6 45. a4 a5+ 46. bxa6
bxa6 47. a5+ Kc6 48. Ka4 1/2-1/2

[Event "Sonderjysk EMT Basis 1 2012"]
[Site "Sonderborg"]
[Date "2012.01.19"]
[Round "4"]
[White "Christiansen, Bobby"]
[Black "Asmund, Erik"]
[Result "0-1"]
[WhiteElo "1513"]
[BlackElo "1477"]
[PlyCount "34"]
[EventDate "2012.??.??"]

1. e4 e5 2. Nf3 Nc6 3. Bc4 h6 4. d4 exd4 5. Nxd4 Ne5 6. Bb3 d6 7. O-O Nf6 8.
Nc3 Be7 9. f4 Ng6 10. Nf5 Bxf5 11. exf5 Nh4 12. Qd3 Qd7 13. Ba4 c6 14. Re1 O-O
15. Nd5 Nxd5 16. Qxd5 b5 17. Rxe7 Qxe7 0-1

[Event "Sonderjysk EMT Basis 1 2012"]
[Site "Sonderborg"]
[Date "2012.02.21"]
[Round "4"]
[White "Jansson, Sten Olof"]
[Black "Kallesen, Jesper"]
[Result "0-1"]
[WhiteElo "1645"]
[BlackElo "1472"]
[PlyCount "100"]
[EventDate "2012.??.??"]

1. e4 b6 2. d4 Bb7 3. Bd3 e6 4. c4 Nf6 5. f3 d5 6. e5 Nfd7 7. Nc3 Qh4+ 8. g3
Qxd4 9. cxd5 Qxe5+ 10. Nge2 exd5 11. Bf4 Qf6 12. O-O Bc5+ 13. Kg2 c6 14. Qc2 h6
15. Rae1 O-O 16. a3 Na6 17. b4 Nxb4 18. axb4 Bxb4 19. Rc1 Nc5 20. Bf5 Rfe8 21.
Rfd1 g6 22. Bh3 Ba6 23. Nd4 g5 24. Bxg5 hxg5 25. Nxc6 Bxc3 26. Qxc3 Re2+ 27.
Kg1 Qxc6 28. Bf1 Rae8 29. Bxe2 Rxe2 30. Ra1 Qh6 31. h4 gxh4 32. Rxd5 Qe3+ 33.
Qxe3 Rxe3 34. gxh4 Bb7 35. Rg5+ Kh7 36. Rxa7 Rxf3 37. Rxc5 bxc5 38. Rxb7 Kh6
39. Kg2 Rf5 40. Kg3 Kg6 41. Rc7 Kf6 42. Kg4 Rd5 43. Rc6+ Ke5 44. Kg5 Ke4+ 45.
Kf6 Rf5+ 46. Kg7 Kd4 47. Rd6+ Kc3 48. h5 Rxh5 49. Kxf7 c4 50. Kg6 Ra5 0-1

[Event "Sonderjysk EMT Basis 1 2012"]
[Site "Sonderborg"]
[Date "2012.02.21"]
[Round "4"]
[White "Posselt, Karl"]
[Black "Hansen, Uwe"]
[Result "1-0"]
[WhiteElo "1584"]
[BlackElo "1641"]
[PlyCount "121"]
[EventDate "2012.??.??"]

1. f4 e6 2. Nf3 d5 3. d4 Nc6 4. e3 Nf6 5. c3 Be7 6. Bd3 a6 7. O-O O-O 8. Qc2 h6
9. Bd2 Nd7 10. Be1 f5 11. Nbd2 Nf6 12. Ne5 Nxe5 13. fxe5 Nd7 14. Qd1 Qe8 15.
Rf3 Bg5 16. h4 Be7 17. Be2 Kh7 18. Nf1 Rf7 19. Rh3 Nf8 20. Nh2 Bd7 21. Nf3 Bb5
22. Ng5+ hxg5 23. hxg5+ Kg8 24. Bxb5 axb5 25. Qh5 Rf6 26. Qh8+ Kf7 27. gxf6
gxf6 28. Rg3 Ng6 29. Qh7+ Kf8 30. Rxg6 Qf7 31. Qh6+ Ke8 32. exf6 Bf8 33. Qg5
Kd7 34. Bg3 Kc6 35. Kf2 Rd8 36. Rh1 Rd7 37. Rh8 b4 38. Rxf8 Qxf8 39. Rg7 bxc3
40. Rxd7 cxb2 41. Rxc7+ Kb6 42. Qg7 Qa8 43. Rc5 Qxa2 44. Qc7+ Ka6 45. Rc2 b1=Q
46. Rxa2+ Qxa2+ 47. Kf3 Qd2 48. Qd6+ b6 49. Qa3+ Kb7 50. Qb3 Qc1 51. f7 f4 52.
Bxf4 Qf1+ 53. Kg3 Qe1+ 54. Kg4 Qe2+ 55. Kg5 Qxg2+ 56. Kf6 Qg4 57. Ke7 Qh4+ 58.
Ke8 Qh5 59. Qb4 Qh8+ 60. f8=Q Qh5+ 61. Qf7+ 1-0

[Event "Sonderjysk EMT Basis 1 2012"]
[Site "Sonderborg"]
[Date "2012.03.06"]
[Round "5"]
[White "Asmund, Erik"]
[Black "Posselt, Karl"]
[Result "1/2-1/2"]
[WhiteElo "1477"]
[BlackElo "1584"]
[PlyCount "29"]
[EventDate "2012.??.??"]

1. e4 e5 2. Nf3 Nc6 3. Bc4 Bc5 4. d3 d6 5. c3 Nf6 6. O-O O-O 7. h3 h6 8. Be3
Bxe3 9. fxe3 Na5 10. Nbd2 Nxc4 11. Nxc4 b5 12. Ncd2 Bb7 13. Qe1 Qe7 14. Nh4 Bc8
15. Nf5 1/2-1/2

[Event "Sonderjysk EMT Basis 1 2012"]
[Site "Sonderborg"]
[Date "2012.03.06"]
[Round "5"]
[White "Hansen, Uwe"]
[Black "Jansson, Sten Olof"]
[Result "0-1"]
[WhiteElo "1641"]
[BlackElo "1645"]
[PlyCount "64"]
[EventDate "2012.??.??"]

1. e4 c5 2. Bc4 e6 3. Nc3 a6 4. Nf3 b5 5. Be2 Bb7 6. d3 d5 7. exd5 exd5 8. O-O
Be7 9. a3 Nf6 10. Bf4 Nbd7 11. d4 cxd4 12. Nxd4 O-O 13. Nf5 Bc5 14. b4 Ba7 15.
Bf3 Nb6 16. Re1 Rc8 17. Ne7+ Kh8 18. Nxc8 Qxc8 19. Be5 Rd8 20. Qd4 Qc6 21. Bxf6
gxf6 22. Re7 Nc8 23. Bxd5 Rxd5 24. Qxd5 Nxe7 25. Qd8+ Ng8 26. Nd5 Qxd5 27. Qxd5
Bxd5 28. Rd1 Be4 29. Rd7 Bb8 30. c3 Kg7 31. f3 Bc6 32. Kf2 Bxd7 0-1

[Event "Sonderjysk EMT Basis 1 2012"]
[Site "Sonderborg"]
[Date "2012.03.06"]
[Round "5"]
[White "Jakobsen, Henning2"]
[Black "Christiansen, Bobby"]
[Result "1/2-1/2"]
[WhiteElo "1576"]
[BlackElo "1513"]
[PlyCount "80"]
[EventDate "2012.??.??"]

1. e4 c6 2. b3 d5 3. exd5 cxd5 4. Bb2 Nc6 5. Bb5 Bd7 6. Nf3 e6 7. O-O Nf6 8. d3
Bc5 9. Nbd2 O-O 10. Qe2 Rc8 11. d4 Be7 12. Rac1 a6 13. Bd3 Nb4 14. a3 Nxd3 15.
Qxd3 Bb5 16. c4 dxc4 17. Nxc4 Nd5 18. a4 Bxc4 19. Rxc4 Rxc4 20. Qxc4 Nb6 21.
Qc2 Qd5 22. Rc1 Rc8 23. Qd1 Rxc1 24. Bxc1 Nd7 25. Qc2 g6 26. Be3 Nf6 27. Ne5
Kg7 28. f3 Qa5 29. Bd2 Qd8 30. Qc4 Nd5 31. Kf2 Qc7 32. Qxc7 Nxc7 33. Ke2 f6 34.
Nd7 Kf7 35. Kd3 Bd6 36. g3 Nd5 37. Kc4 Ke7 38. Nc5 Nb6+ 39. Kb4 Nd7 40. Kc4
Nb6+ 1/2-1/2

[Event "Sonderjysk EMT Basis 1 2012"]
[Site "Sonderborg"]
[Date "2012.03.06"]
[Round "5"]
[White "Kallesen, Jesper"]
[Black "Petersen, Broder"]
[Result "1-0"]
[WhiteElo "1472"]
[BlackElo "1469"]
[PlyCount "65"]
[EventDate "2012.??.??"]

1. e4 e5 2. Bc4 Bc5 3. Nf3 d6 4. c3 Nf6 5. d4 exd4 6. cxd4 Bb4+ 7. Bd2 Bxd2+ 8.
Nbxd2 O-O 9. O-O h6 10. Rc1 Bg4 11. Qc2 c6 12. Rfe1 b5 13. Bd3 Nbd7 14. Qxc6
Rc8 15. Qxd6 Rb8 16. h3 Rb6 17. Qc7 Bxf3 18. Nxf3 a6 19. e5 Nd5 20. Qc2 g6 21.
a3 Re8 22. Qb3 Nf4 23. Be4 Ne6 24. Rc6 Kg7 25. Rec1 Nb8 26. Rxb6 Qxb6 27. d5
Nd4 28. Qe3 Nxf3+ 29. Qxf3 Rxe5 30. Qf4 f6 31. h4 a5 32. h5 f5 33. Qxe5+ 1-0

[Event "Sonderjysk EMT Basis 1 2012"]
[Site "Sonderborg"]
[Date "2012.03.13"]
[Round "6"]
[White "Jansson, Sten Olof"]
[Black "Asmund, Erik"]
[Result "1-0"]
[WhiteElo "1645"]
[BlackElo "1477"]
[PlyCount "83"]
[EventDate "2012.??.??"]

1. e4 e5 2. Nf3 Nc6 3. Bc4 Be7 4. c3 Bf6 5. b4 d6 6. h3 Bd7 7. d3 Nge7 8. Be3
Ng6 9. a4 Be6 10. Bxe6 fxe6 11. Qb3 Qd7 12. a5 Nf4 13. Bxf4 exf4 14. d4 Qf7 15.
Nbd2 O-O 16. b5 Nd8 17. O-O Kh8 18. e5 dxe5 19. dxe5 Be7 20. Qc4 c5 21. Ne4 Rc8
22. Rfd1 Qg8 23. Rd7 Rf7 24. Rad1 Qe8 25. Qd3 h6 26. c4 a6 27. bxa6 bxa6 28.
Nd6 Bxd6 29. Rxd6 Nc6 30. Qe4 Nb4 31. Qg6 Re7 32. Qg4 Nc6 33. Qxf4 Rd8 34. Qe3
Rxd6 35. exd6 Rd7 36. Qxc5 Rf7 37. Ne5 Nxe5 38. Qxe5 Qa4 39. Rd4 Qa1+ 40. Kh2
Rxf2 41. d7 Rf8 42. d8=Q 1-0

[Event "Sonderjysk EMT Basis 1 2012"]
[Site "Sonderborg"]
[Date "2012.03.13"]
[Round "6"]
[White "Kallesen, Jesper"]
[Black "Hansen, Uwe"]
[Result "1-0"]
[WhiteElo "1472"]
[BlackElo "1641"]
[PlyCount "59"]
[EventDate "2012.??.??"]

1. e4 e5 2. Bc4 Bc5 3. Nf3 d6 4. d3 h6 5. a3 Bg4 6. Nbd2 Nf6 7. c3 Nc6 8. b4
Bb6 9. Qb3 O-O 10. Bb2 a5 11. a4 axb4 12. cxb4 Ne7 13. O-O Ng6 14. h3 Bd7 15.
d4 exd4 16. Bxd4 Bxd4 17. Nxd4 Qe8 18. Qg3 Nxe4 19. Nxe4 Qxe4 20. Rfd1 Rxa4 21.
Rxa4 Bxa4 22. Rd3 Qe1+ 23. Kh2 Ne5 24. Nf5 Ng6 25. Qxg6 Qe5+ 26. Rg3 Bc2 27.
Nxh6+ Kh8 28. Nxf7+ Rxf7 29. Qxf7 c6 30. Qg8# 1-0

[Event "Sonderjysk EMT Basis 1 2012"]
[Site "Sonderborg"]
[Date "2012.03.13"]
[Round "6"]
[White "Petersen, Broder"]
[Black "Christiansen, Bobby"]
[Result "0-1"]
[WhiteElo "1469"]
[BlackElo "1513"]
[PlyCount "76"]
[EventDate "2012.??.??"]

1. c4 c6 2. e4 d5 3. cxd5 cxd5 4. exd5 Qxd5 5. Nc3 Qd8 6. f4 Nf6 7. Nf3 e6 8.
Bb5+ Bd7 9. Bxd7+ Nbxd7 10. O-O Qb6+ 11. d4 O-O-O 12. Qc2 Kb8 13. h3 Rc8 14.
Qd3 Be7 15. Ne5 Rcf8 16. Na4 Qd8 17. Be3 Nxe5 18. fxe5 Nd5 19. Bf2 Nb4 20. Qc4
Qd5 21. b3 Rc8 22. Qxd5 Nxd5 23. Rac1 Ba3 24. Rc4 b5 25. Rxc8+ Rxc8 26. Nc5
Bxc5 27. dxc5 a5 28. a3 Rc7 29. c6 Rxc6 30. Bh4 Rc7 31. Bd8 Rc3 32. Bxa5 Rxb3
33. Rxf7 Rxa3 34. Be1 Ra1 35. Kf2 b4 36. Rxg7 b3 37. Rg3 Ra2+ 38. Kf1 Ra3 0-1

[Event "Sonderjysk EMT Basis 1 2012"]
[Site "Sonderborg"]
[Date "2012.03.13"]
[Round "6"]
[White "Posselt, Karl"]
[Black "Jakobsen, Henning2"]
[Result "1-0"]
[WhiteElo "1584"]
[BlackElo "1576"]
[PlyCount "76"]
[EventDate "2012.??.??"]

1. e4 c5 2. Nf3 Nc6 3. d4 cxd4 4. Nxd4 d6 5. Nc3 g6 6. Be3 Bg7 7. Qd2 Nf6 8. f3
O-O 9. Be2 a6 10. O-O Qc7 11. Rad1 Ne5 12. b3 Bd7 13. Bd3 Rfc8 14. Nce2 b5 15.
h3 Qb7 16. Rc1 Rc7 17. Ng3 Rac8 18. f4 Nc6 19. Nf3 e6 20. c4 bxc4 21. Bxc4 Ne8
22. Rfd1 Ne7 23. Qe2 Bb5 24. Bxb5 Rxc1 25. Rxc1 axb5 26. Rxc8 Nxc8 27. Kh2 Qc6
28. Nd4 Bxd4 29. Bxd4 Ne7 30. h4 e5 31. fxe5 dxe5 32. Bxe5 Nd6 33. Bxd6 Qxd6
34. Qxb5 Nc6 35. Qd5 Qc7 36. h5 Ne5 37. Qd1 Qe7 38. Kg1 Qg5 1-0

[Event "Sonderjysk EMT Basis 1 2012"]
[Site "Sonderborg"]
[Date "2012.03.19"]
[Round "7"]
[White "Asmund, Erik"]
[Black "Kallesen, Jesper"]
[Result "1-0"]
[WhiteElo "1477"]
[BlackElo "1472"]
[PlyCount "69"]
[EventDate "2012.??.??"]

1. e4 b6 2. d4 e6 3. Nf3 Bb7 4. Bd3 Nf6 5. Bg5 Be7 6. Nbd2 d5 7. e5 Ne4 8. Bxe7
Qxe7 9. c3 c5 10. O-O O-O 11. Re1 Ng5 12. Nxg5 Qxg5 13. Re3 cxd4 14. Rg3 Qe7
15. cxd4 Nc6 16. Nf3 f5 17. exf6 Qxf6 18. Qc2 g6 19. Bxg6 Kh8 20. Rh3 Kg7 21.
Rxh7+ Kg8 22. Rxb7 Nxd4 23. Nxd4 Rac8 24. Bh7+ Kh8 25. Qd2 Rc4 26. Rd1 e5 27.
Nf5 Qc6 28. Qh6 Qxb7 29. Bg6+ Kg8 30. Nd6 Qe7 31. Nxc4 dxc4 32. Qh5 Rf6 33. Re1
e4 34. Rxe4 Re6 35. Qd5 1-0

[Event "Sonderjysk EMT Basis 1 2012"]
[Site "Sonderborg"]
[Date "2012.03.20"]
[Round "7"]
[White "Christiansen, Bobby"]
[Black "Posselt, Karl"]
[Result "1/2-1/2"]
[WhiteElo "1513"]
[BlackElo "1584"]
[PlyCount "62"]
[EventDate "2012.??.??"]

1. e4 d5 2. exd5 Nf6 3. Nf3 Nxd5 4. Bc4 Bg4 5. h3 Bh5 6. Nc3 e6 7. Nxd5 exd5 8.
Be2 c5 9. O-O Be7 10. d4 O-O 11. c3 Nd7 12. dxc5 Nxc5 13. Nd4 Bxe2 14. Qxe2 Re8
15. Qg4 Bf6 16. Nf5 Kh8 17. Bf4 Nd3 18. Nd6 Re7 19. Bh2 Ne5 20. Bxe5 Bxe5 21.
Nf5 Re6 22. f4 Rg6 23. Qe2 Qb6+ 24. Kh1 Bd6 25. Nxd6 Qxd6 26. Rad1 Rd8 27. c4
d4 28. Qe4 Qc6 29. Qe2 d3 30. b3 h6 31. Qf3 Qxf3 1/2-1/2

[Event "Sonderjysk EMT Basis 1 2012"]
[Site "Sonderborg"]
[Date "2012.03.20"]
[Round "7"]
[White "Hansen, Uwe"]
[Black "Petersen, Broder"]
[Result "1-0"]
[WhiteElo "1641"]
[BlackElo "1469"]
[PlyCount "75"]
[EventDate "2012.??.??"]

1. e4 e5 2. Nf3 Nc6 3. Bc4 h6 4. Nc3 Nf6 5. O-O Bc5 6. Re1 Ng4 7. Re2 Nxf2 8.
Rxf2 Bxf2+ 9. Kxf2 Qf6 10. Nd5 Qd8 11. b4 d6 12. Be2 Be6 13. b5 Ne7 14. d3 f5
15. Nxe7 Qxe7 16. exf5 Bxf5 17. Kg1 g5 18. Nd2 O-O-O 19. Bg4 Rdf8 20. Ne4 Bd7
21. Bxd7+ Qxd7 22. c4 d5 23. Nc5 Qf5 24. Qe2 Rf6 25. cxd5 Rd8 26. Ne4 Rb6 27.
Nc3 Rf6 28. Be3 b6 29. a4 Qg6 30. a5 Kb8 31. a6 Qe8 32. Rc1 Rfd6 33. Re1 Qe7
34. Bd4 Rg6 35. Qe4 Rgd6 36. Bxe5 Rxd5 37. Nxd5 Qc5+ 38. Ne3 1-0

[Event "Sonderjysk EMT Basis 1 2012"]
[Site "Sonderborg"]
[Date "2012.03.20"]
[Round "7"]
[White "Jakobsen, Henning2"]
[Black "Jansson, Sten Olof"]
[Result "0-1"]
[WhiteElo "1576"]
[BlackElo "1645"]
[PlyCount "66"]
[EventDate "2012.??.??"]

1. f4 d5 2. Nf3 Nc6 3. b3 Bf5 4. Bb2 Nf6 5. d3 a6 6. h3 h6 7. e3 e6 8. Nbd2 Bc5
9. Qe2 Nb4 10. Kd1 O-O 11. g4 Bh7 12. Ne5 Nd7 13. a3 Nc6 14. Nxc6 bxc6 15. Bg2
Rb8 16. d4 Bb6 17. Qxa6 f5 18. Nf3 c5 19. Qe2 Nf6 20. Ne5 Qe8 21. a4 cxd4 22.
exd4 Ne4 23. Re1 Ba5 24. Rg1 Bc3 25. Kc1 Bd2+ 26. Kb1 Bxf4 27. Bxe4 fxe4 28.
Ka2 Bxe5 29. dxe5 Rf3 30. Raf1 Rxh3 31. Qg2 Rh4 32. g5 Bg6 33. Bc1 h5 0-1